000 00351cam a22000977a 4500
008 180718b1925 xxu||||| |||| 00| 0 eng d
082 _aD8x6982 In2
245 _aReport by Kunwar Maharaj Singh on his deputation to Mauritus, 1925 (report on emigration of Indian labour to Mauritus)
260 _aDelhi
_bThe Manager of Publications
_c1925
300 _a50+p.
999 _c490272
_d490272